000 00666nam a2200217Ia 4500
008 131103s9999 xx 000 0 und d
020 _a393966402
040 _aLoreto College
041 _aEnglish
082 _a813.4,
_bTWA
245 _aMark Twain
_b Adventures of Huckleberry Finn : An authoritative text, Contexts and Sources Criticism
_cEdited by Thomas Cooley
250 _a3rd ed
260 _aNew York, London
_bW.W.Norton and Co.
_c1998
300 _aix,395p, illus 23.5 cm.
440 _aA Norton Critical ed
504 _aIncludes bibliography
650 _aFiction
651 _aAmerican Fiction
700 _aTwain, Mark, auth
942 _cBK
999 _c1911
_d52390